Normal view
MARC view
- Dr. Farooq Ahmad.
Entry Personal Name
001 - CONTROL NUMBER
- control field: 31209
003 - CONTROL NUMBER IDENTIFIER
- control field: NUST
005 - DATE AND TIME OF LATEST TRANSACTION
- control field: 20201005095415.0
008 - FIXED-LENGTH DATA ELEMENTS
- fixed length control field: 201005|| aca||aabn | a|a d
040 ## - CATALOGING SOURCE
- Original cataloging agency: NUST
- Transcribing agency: NUST
100 ## - HEADING--PERSONAL NAME
- Personal name: Dr. Farooq Ahmad.
670 ## - SOURCE DATA FOUND
- Source citation: Work cat.: (NUST): M. Talah Masoosd. 31208, Design and Implementation of Agent Communication Language (ACL), ACL Coder Decoder and Interaction Protocols /, 2004.
